000
00254nam a2200097Ia 4500
001
686715
005
20250826161542.0
008
250824s9999 xx 000 0 und d
245
0
_a
Onüç Günün Mektupları
_c
CEMAL SÜREYA
260
_b
YAPI KREDİ YAYINLARI
999
_c
686715
_d
686715